[Event "Challenge"]
[Site "http://www.queenalice.com/game.php?id=554740"]
[Date "2009.3.12"]
[Round "-"]
[White "Nelson"]
[Black "Meirebel"]
[Result "0-1"]
[WhiteElo "2330"]
[BlackElo "1720"]

1. e4 e5 2. Nf3 Nf6 3. Bc4 Bc5 4. Ng5 O-O 5. Qf3 Nc6 6. Nc3 Nd4 7. Qd3 Ng4 8.
Bxf7+ Kh8 9. Nf3 Rxf7 10. O-O Qf8 11. Kh1 Nxf3 12. gxf3 Rxf3 13. Qe2 Qf4 14. d4
Qxh2# 0-1

[Event "Revanche Mineira"]
[Site "http://www.queenalice.com/game.php?id=555613"]
[Date "2009.3.13"]
[Round "-"]
[White "Meirebel"]
[Black "Nelson"]
[Result "1-0"]
[WhiteElo "1851"]
[BlackElo "2330"]

1. e4 c6 2. d4 d5 3. Nc3 Nf6 4. Bg5 dxe4 5. Nge2 Bg4 6. h3 Bh5 7. g4 Bg6 8. Bg2
h6 9. Bf4 h5 10. g5 Nh7 11. Nxe4 e5 12. dxe5 Qa5+ 13. N4c3 Bb4 14. O-O Na6 15.
a3 Bxc3 16. Nxc3 Rd8 17. Qf3 O-O 18. Be3 Rfe8 19. Bxa7 b6 20. Qxc6 Bxc2 21. Bxb6
Rc8 22. Qxc8 Rxc8 23. Bxa5 Rc5 24. Bd8 Rxe5 25. Rfe1 Rxe1+ 26. Rxe1 f6 27. Bd5+
Kf8 28. Be7+ Ke8 29. Bxf6+ Kd7 30. Re7+ Kd6 31. Re6+ Kc5 32. Rxa6 Nxf6 33. gxf6
gxf6 34. Rxf6 Kd4 35. Kf1 Ke5 36. Rh6 Bd3+ 37. Ke1 Kf4 38. Kd2 Kg5 39. Kxd3 Kxh6
40. h4 Kg6 41. f4 Kf5 42. Ne2 Kg4 43. Ke4 Kxh4 44. Kf5 Kh3 45. Kg5 h4 46. f5 Kh2
47. f6 h3 48. Nf4 Kg3 49. f7 h2 50. Ne2+ Kf2 51. Nf4 Kg1 52. Nh3+ Kf1 53. f8=Q+
Ke2 54. Qf2+ Kd3 55. Kf4 h1=Q 56. Qe3+ Kc2 57. Bxh1 Kb1 58. Nf2 Ka2 59. Nd1 Kb1
60. b4 Ka2 61. Bd5+ Kb1 62. Nc3+ Kb2 63. Qd2+ Ka1 64. Qa2# 1-0

[Event "Amigos do Macuei"]
[Site "http://www.queenalice.com/game.php?id=572549"]
[Date "2009.4.15"]
[Round "5"]
[White "TheAlchemist"]
[Black "Nelson"]
[Result "1-0"]
[WhiteElo "2120"]
[BlackElo "2297"]

1. e4 e5 2. Nf3 Nc6 3. Bb5 Nf6 4. d3 Bc5 5. O-O g6 6. Bxc6 dxc6 7. Nxe5 O-O 8.
c3 Re8 9. Nf3 Bf8 10. e5 Nd5 11. d4 h6 12. Nbd2 Bf5 13. Nc4 Bg7 14. Ne3 Nxe3 15.
Bxe3 Qd5 16. Qd2 g5 17. h3 Bxh3 18. Ne1 Bf5 19. f3 1-0

[Event "Meirebel - 01"]
[Site "http://www.queenalice.com/game.php?id=572661"]
[Date "2009.4.16"]
[Round "-"]
[White "Meirebel"]
[Black "Nelson"]
[Result "1-0"]
[WhiteElo "2092"]
[BlackElo "2280"]

1. e4 c5 2. Nf3 Nc6 3. a3 e5 4. Bc4 Qb6 5. Ng5 Nh6 6. Qh5 g6 7. Qf3 Nd8 8. Nc3
Bg7 9. Nd5 Qc6 10. a4 a6 11. a5 O-O 12. b4 Kh8 13. Qb3 1-0

[Event "Meirebel - 02"]
[Site "http://www.queenalice.com/game.php?id=572662"]
[Date "2009.4.16"]
[Round "-"]
[White "Nelson"]
[Black "Meirebel"]
[Result "0-1"]
[WhiteElo "2262"]
[BlackElo "2112"]

1. e4 e5 2. Nc3 Nf6 3. Nf3 a6 4. g3 Bc5 5. Bg2 Nc6 6. O-O d6 7. d3 h6 8. h3 O-O
9. a3 b5 10. b4 Bb6 11. a4 bxa4 12. Nxa4 Bb7 0-1

[Event "Challenge"]
[Site "http://www.queenalice.com/game.php?id=747682"]
[Date "2010.3.17"]
[Round "-"]
[White "Nelson"]
[Black "Givanildo"]
[Result "1-0"]
[WhiteElo "2150"]
[BlackElo "1371"]

1. Nc3 c6 2. d4 d5 3. e4 h5 4. Bf4 Bg4 5. Nf3 Qb6 6. h3 dxe4 7. hxg4 exf3 8.
gxf3 Qxb2 9. Ne4 Qb4+ 10. c3 Qb6 11. Rb1 Qd8 12. Rxb7 Na6 13. Bxa6 e6 14. Qa4
Nf6 15. Qxc6+ Nd7 16. Bc7 Rc8 17. O-O Qe7 18. Nd6+ Qxd6 19. Qxd6 Bxd6 20. Bxd6
f5 21. gxf5 exf5 22. Re1+ Kd8 23. Be7+ Ke8 24. Bg5+ Kf8 25. Rxd7 Re8 26. Be7+
Kg8 27. Re5 Kh7 28. Rxf5 Kg6 29. Bd3 Kh6 30. Bg5+ Kg6 31. Re5# 1-0

[Event "Challenge"]
[Site "http://www.queenalice.com/game.php?id=747683"]
[Date "2010.3.17"]
[Round "-"]
[White "Givanildo"]
[Black "Nelson"]
[Result "0-1"]
[WhiteElo "1454"]
[BlackElo "2149"]

1. e3 e5 2. Bc4 Nf6 3. Qf3 Bc5 4. e4 Nc6 5. c3 d6 6. h3 a6 7. g4 h6 8. d4 exd4
9. e5 Nxe5 10. Qe2 O-O 11. cxd4 Bxd4 12. g5 hxg5 13. Bxg5 Bxb2 14. Qxb2 Nxc4 15.
Qc3 Qe7+ 16. Ne2 Ne5 17. Rg1 Re8 18. Bh6 Ng6 19. Bg5 Qxe2# 0-1

[Event "Challenge"]
[Site "http://www.queenalice.com/game.php?id=751657"]
[Date "2010.3.26"]
[Round "-"]
[White "Nelson"]
[Black "Givanildo"]
[Result "1-0"]
[WhiteElo "2151"]
[BlackElo "1346"]

1. e4 e6 2. d4 d5 3. Nc3 a6 4. Nf3 f6 5. a3 b5 6. Bd3 Nc6 7. O-O b4 8. Na4 g5 9.
e5 f5 10. Bxg5 Qd7 11. Nc5 Bxc5 12. dxc5 Bb7 13. axb4 Nxb4 14. Nd4 c6 15. Qh5+
Qf7 16. Be2 Qxh5 17. Bxh5+ Kf8 18. Nxe6# 1-0

[Event "Challenge"]
[Site "http://www.queenalice.com/game.php?id=751658"]
[Date "2010.3.26"]
[Round "-"]
[White "Givanildo"]
[Black "Nelson"]
[Result "0-1"]
[WhiteElo "1370"]
[BlackElo "2152"]

1. e3 e5 2. Bc4 d5 3. Bb3 Nf6 4. h3 a6 5. g4 Bc5 6. d4 exd4 7. exd4 Qe7+ 8. Ne2
Qe4 9. Rg1 Ba7 10. Be3 Be6 11. Nec3 Qg6 12. f3 h6 13. g5 hxg5 14. Rxg5 Qh6 15.
Re5 Qxh3 16. Nd2 Qh1+ 17. Nf1 Nbd7 18. Rg5 Qh4+ 19. Rg3 Nh5 20. Bg5 Qh1 21. Kd2
Nxg3 22. Ba4 Nxf1+ 23. Kc1 b5 24. Bb3 Qg2 25. Bf4 g5 26. Qe2 Qxe2 27. Nxe2 gxf4
28. c3 Rh4 29. a4 bxa4 30. Bxa4 Nh2 31. Bc6 Rb8 32. Rxa6 Bb6 33. b4 Bf5 34. Bxd5
Bd3 35. Ng1 Bxa6 36. Bc6 Bb7 37. Bxd7+ Kxd7 0-1

[Event "Challenge"]
[Site "http://www.queenalice.com/game.php?id=754463"]
[Date "2010.3.31"]
[Round "-"]
[White "Nelson"]
[Black "Givanildo"]
[Result "1-0"]
[WhiteElo "2153"]
[BlackElo "1364"]

1. e4 e5 2. Nf3 f6 3. d4 Bd6 4. Bc4 Ne7 5. d5 a6 6. a3 b5 7. Bd3 c5 8. b3 b4 9.
axb4 cxb4 10. c3 O-O 11. c4 a5 12. Nh4 g5 13. Nf5 Nxf5 14. exf5 Bc5 15. Qh5 d6
16. Nd2 Bd7 17. Ne4 Bd4 18. Ra2 Bxf5 19. h4 Bg6 20. Qh6 Bxe4 21. Bxe4 f5 22.
hxg5 Bxf2+ 23. Rxf2 Ra7 24. Bxf5 Rff7 25. Be6 Kh8 26. Bxf7 Rxf7 27. Rxf7 Qg8 28.
Rxh7+ Qxh7 29. Qxh7# 1-0

[Event "Challenge"]
[Site "http://www.queenalice.com/game.php?id=754465"]
[Date "2010.3.31"]
[Round "-"]
[White "Givanildo"]
[Black "Nelson"]
[Result "0-1"]
[WhiteElo "1375"]
[BlackElo "2154"]

1. e4 e5 2. Bc4 Nc6 3. c3 Nf6 4. g4 h6 5. d3 Na5 6. g5 hxg5 7. Nf3 Nxc4 8. dxc4
d6 9. Bxg5 Be7 10. Bxf6 Bxf6 11. b4 Bg4 12. h3 Qd7 13. Nbd2 Rxh3 14. Rg1 O-O-O
15. a4 Rdh8 16. Qc2 Bxf3 17. Nxf3 Rxf3 18. Ke2 Rhh3 19. Rg3 Rfxg3 20. fxg3 Qg4+
21. Kd2 Rh2+ 22. Kc1 Bg5+ 23. Kb2 Qxg3 24. Kb3 Rxc2 25. Kxc2 Qf2+ 26. Kb3 Qf3
27. b5 Bd2 28. Ka2 Qxc3 29. Rh1 Bc1 30. Rh8+ Kd7 31. Rh2 Qxc4+ 32. Kb1 Qxe4+ 33.
Rc2 Bh6 34. Kb2 Qb4+ 35. Ka1 Qxa4+ 36. Ra2 Qd1+ 37. Kb2 Qc1+ 38. Kb3 Be3 39. Rc2
Qxc2+ 40. Kxc2 d5 41. b6 cxb6 42. Kd3 Bc5 43. Kd2 e4 44. Ke2 d4 45. Kd1 e3 46.
Ke2 f5 47. Kd1 d3 48. Ke1 Bb4+ 49. Kd1 f4 50. Kc1 e2 51. Kb2 d2 52. Ka2 d1=Q 53.
Kb2 Qd3 54. Ka1 e1=R+ 55. Ka2 Qa3# 0-1

[Event "Challenge"]
[Site "http://www.queenalice.com/game.php?id=763260"]
[Date "2010.4.19"]
[Round "-"]
[White "Nelson"]
[Black "Givanildo"]
[Result "1-0"]
[WhiteElo "2155"]
[BlackElo "1426"]

1. e4 e5 2. Nf3 Bd6 3. Bc4 f6 4. Nc3 c5 5. Nh4 a6 6. Qh5+ g6 7. Nxg6 hxg6 8.
Qxh8 Bf8 9. Qxg8 Qe7 10. Qxg6+ Kd8 11. Nd5 Qd6 12. Qxf6+ Be7 13. Qxd6 Bxd6 14.
Nb6 Ra7 15. d3 Bc7 16. Bg5+ Ke8 17. Nxc8 Ra8 18. h4 Nc6 19. h5 Rxc8 20. h6 Bd6
21. h7 Bf8 22. h8=Q Nd4 23. Qh5# 1-0

[Event "Challenge"]
[Site "http://www.queenalice.com/game.php?id=763262"]
[Date "2010.4.19"]
[Round "-"]
[White "Givanildo"]
[Black "Nelson"]
[Result "0-1"]
[WhiteElo "1585"]
[BlackElo "2156"]

1. e4 e5 2. Bc4 Nf6 3. Qf3 Nc6 4. c3 Bc5 5. d3 Na5 6. Bg5 Nxc4 7. dxc4 Be7 8.
Bxf6 Bxf6 9. Nd2 d6 10. h3 O-O 11. g4 Be6 12. h4 Bxh4 13. Nh3 g5 14. O-O-O c6
15. b3 b5 16. Qe3 Bxg4 17. f3 Bxh3 18. Rxh3 f5 19. cxb5 cxb5 20. c4 Qb6 21. Qxb6
axb6 22. b4 Rxa2 23. Kb1 Ra4 24. c5 Rxb4+ 25. Kc2 bxc5 26. Kc3 fxe4 27. Nxe4 d5
28. Rxd5 Rc4+ 29. Kd3 Rd4+ 30. Rxd4 cxd4 31. Nd6 b4 32. Kc4 Be1 33. Rh2 Rxf3 34.
Rg2 h6 35. Rg1 Bc3 36. Ne4 Kg7 37. Nxc3 bxc3 38. Kd5 c2 39. Ke4 Rf4+ 40. Kxe5 d3
41. Ra1 d2 42. Ra7+ Kg6 43. Ra6+ Kh5 44. Ra4 Rxa4 0-1